Colombia diversa = (Registro nro. 26916)
[ vista simple ]
| 000 -LEADER | |
|---|---|
| fixed length control field | 01165cam a2200301 i 4500 |
| 001 - CONTROL NUMBER | |
| control field | 26916 |
| 003 - CONTROL NUMBER IDENTIFIER | |
| control field | Mx-PuUPA |
| 005 - DATE AND TIME OF LATEST TRANSACTION | |
| control field | 20191204122747.0 |
| 008 - FIXED-LENGTH DATA ELEMENTS--GENERAL INFORMATION | |
| fixed length control field | 140415s2017 ck o gr 001 0 spa d |
| 040 ## - CATALOGING SOURCE | |
| Original cataloging agency | Mx-PuUPA |
| Language of cataloging | spa |
| Transcribing agency | Mx-PuUPA |
| Modifying agency | Mx-PuUPA |
| Description conventions | rda |
| 041 0# - LANGUAGE CODE | |
| Language code of text/sound track or separate title | spa |
| 245 10 - TITLE STATEMENT | |
| Title | Colombia diversa = |
| Remainder of title | diverse Colombia / |
| Statement of responsibility, etc. | obra producida y editada por - Produced and published by IM Editores ; fotografías - fotographs, Angélica Montes, Germán Montes, [y otros cinco] |
| 264 #1 - PRODUCTION, PUBLICATION, DISTRIBUTION, MANUFACTURE, AND COPYRIGHT NOTICE | |
| Place of production, publication, distribution, manufacture | Bogotá, Colombia : |
| Name of producer, publisher, distributor, manufacturer | iM Editores, |
| Date of production, publication, distribution, manufacture, or copyright notice | 2017 |
| 300 ## - PHYSICAL DESCRIPTION | |
| Extent | 154 páginas : |
| Other physical details | fotografías ; |
| Dimensions | 15 cm |
| 336 ## - CONTENT TYPE | |
| Content type term | texto |
| Fuente | rdacontent |
| Content type code | txt |
| 337 ## - MEDIA TYPE | |
| Media type term | sin medio |
| Source | rdamedia |
| Media type code | n |
| 338 ## - CARRIER TYPE | |
| Carrier type term | volumen |
| Source | rdacarrier |
| Carrier type code | nc |
| 546 ## - LANGUAGE NOTE | |
| Language note | Texto escrito en español e ingles. |
| 651 #4 - SUBJECT ADDED ENTRY--GEOGRAPHIC NAME | |
| Geographic name | Colombia |
| General subdivision | Obras pictóricas |
| 651 #4 - SUBJECT ADDED ENTRY--GEOGRAPHIC NAME | |
| Geographic name | Colombia |
| General subdivision | Obras pictóricas y viaje |
| 700 1# - ADDED ENTRY--PERSONAL NAME | |
| Personal name | Montes, Angélica, |
| Relator term | fotográfo |
| 700 1# - ADDED ENTRY--PERSONAL NAME | |
| Personal name | Montes, Germán, |
| Relator term | fotográfo |
| 710 ## - ADDED ENTRY--CORPORATE NAME | |
| Corporate name or jurisdiction name as entry element | iM Editores, |
| Relator term | productor |
| -- | editor |
| 942 ## - ADDED ENTRY ELEMENTS (KOHA) | |
| Source of classification or shelving scheme | Dewey Decimal Classification |
| Koha item type | Libro |
| Classification part | 918.6100222 |
| Item part | C683 |
| Withdrawn status | Lost status | Source of classification or shelving scheme | Damaged status | Not for loan | Collection code | Home library | Current library | Shelving location | Date acquired | Total Checkouts | Full call number | Barcode | Date last seen | Price effective from | Koha item type |
|---|---|---|---|---|---|---|---|---|---|---|---|---|---|---|---|
| Dewey Decimal Classification | Consulta en sala | Miniatura | Biblioteca Karol Wojtyla | Biblioteca Karol Wojtyla | Sala "Colecciones Especiales" | 04/12/2019 | 918.6100222 C683 2017 | 49958 | 05/01/2026 | 04/12/2019 | Libro |